Frank B. Kellogg and American foreign relations, 1925-1929.

Bibliographic Details
Main Author: Ellis, L. Ethan (Lewis Ethan), 1898-
Format: Book
Language:English
Published: New Brunswick, N.J. : Rutgers University Press, [1961]
Subjects:

MARC

Tag First Indicator Second Indicator Subfields
LEADER 00000cam a2200000 4500
001 in00000066513
005 20151007083603.0
008 721019s1961 nju b 00000 eng u
010 |a  61010260  
035 |a (OCoLC)00467022 
035 |9 AAF9586AM 
040 |c WSU  |d TXA  |d UtOrBLW 
049 |a TXAM  |c [339813] 
050 0 |a E791  |b .E5 
092 |a 327.73  |b E47f 
100 1 |a Ellis, L. Ethan  |q (Lewis Ethan),  |d 1898- 
245 1 0 |a Frank B. Kellogg and American foreign relations, 1925-1929. 
264 1 |a New Brunswick, N.J. :  |b Rutgers University Press,  |c [1961] 
300 |a 303 pages 
336 |a text  |b txt  |2 rdacontent 
337 |a unmediated  |b n  |2 rdamedia 
338 |a volume  |b nc  |2 rdacarrier 
504 |a Includes bibliography. 
600 1 0 |a Kellogg, Frank B.  |q (Frank Billings),  |d 1856-1937. 
651 0 |a United States  |x Foreign relations  |y 1923-1929. 
999 |a MARS 
999 f f |s 1028419f-138c-37b6-adc2-9e2ddd9009fe  |i 98941e27-d416-3847-80b2-52260cdac736  |t 0 
952 f f |p ric  |a Texas A&M University  |b Rellis Campus  |c Joint Library Facility  |d Remote Storage  |t 0  |e E791 .E5  |h Library of Congress classification  |i unmediated -- volume  |m A14800677896 
998 f f |a E791 .E5  |t 0  |l Remote Storage